000 00576cab a2200229 4500
001 X2050
008 090401t1995 xxu||||| |||| 00| 0 eng d
035 _a(Sirsi) u21467
041 _aeng
245 _aRecruitment agency licensing
260 _c1995
350 _a0
490 _aCSM (Chartered Surveyor Monthly)
_v4(5) March 1995, 5(1)
650 _aDEREGULATION AND CONTRACTING OUT ACT 1994
650 _aDOE
650 _aFRES
650 _aLICENSING
650 _aRECRUITMENT AGENCIES
690 _aECONOMIC AND SOCIAL
942 _n0
948 _c04/03/1997
999 _c14412
_d14412